| 000 | 01052nas a2200385 4500 | ||
|---|---|---|---|
| 001 | BR0405216 | ||
| 003 | BR-BrBNA | ||
| 005 | 20231205104935.0 | ||
| 007 | ta | ||
| 008 | 230509b bl.|||p| |||| 00| 00por d | ||
| 040 |
_aBR-BrBNA _bpor _cBiblioteca Nacional de Agricultura |
||
| 041 | _a(Pt) | ||
| 072 | _aF08; F01 | ||
| 100 | 1 | _aBortolini, P.C. | |
| 100 | 1 | _aSandini, I. | |
| 100 | 1 | _aCarvalho, P.C.F. | |
| 100 | 1 | _aMoraes, A. de | |
| 245 | 1 | _aCereais de inverno submetidos ao corte no sistema duplo propósito | |
| 650 | _aCEREAL | ||
| 650 | _aCULTURA DE INVERNO | ||
| 650 | _aCORTE | ||
| 650 | _aAVEIA | ||
| 650 | _aTRIGO | ||
| 650 | _aTRITICALE | ||
| 650 | _aAVEIA FORRAGEIRA | ||
| 650 | _aCENTEIO | ||
| 650 | _aCEVADA | ||
| 650 | _aCULTIVO SEQUENCIAL | ||
| 650 | _aPRODUTIVIDADE | ||
| 650 | _aPASTAGEM | ||
| 650 | _aDESFOLHA | ||
| 773 | 0 |
_tRevista Brasileira de Zootecnia (Brazil) _xISSN 1516-3598 _g(Jan-Feb 2004), v. 33(1) p. 45-50 _wBR0405216 |
|
| 909 |
_a202311 _bLúcia _c55 _dLúcia Elande |
||
| 942 |
_2AGRIS _n0 _cANA |
||
| 999 |
_c180408 _d180408 |
||